| 000 | 00600nam a2200181 a 4500 | ||
|---|---|---|---|
| 005 | 20240924071344.0 | ||
| 008 | 991125s1988 mx 000 0 spa u | ||
| 035 | _aUPN01000003868 | ||
| 049 | _aSEP | ||
| 050 | 4 |
_aL227 D45 _bB2.2213 |
|
| 110 | 1 |
_aMéxico. _bDirección General de Educación Normal _928127 |
|
| 245 | 1 | 0 |
_aApreciación y expresión artística I : _bantologías didácticas / _cDirección General de Educación Normal. |
| 260 |
_aMéxico : _bSEP, _c1988. |
||
| 300 | _a154 p. | ||
| 650 | 2 |
_aApreciación del arte _9903 |
|
| 650 | 4 |
_aMaestros _xFormación profesional _9804 |
|
| 905 | _aLibro | ||
| 999 |
_c3868 _d3868 |
||